Linux network Administrator's guide
The LINUX Network Administrators Guide spells out all the information needed for joining a network, whether it's a simple UUCP connection or a full LAN with a Linux system serving as a firewall, an NFS or NIS file server, and a mail and news hub. This book touches on all the essential networkin...
Guardat en:
| Autor principal: | |
|---|---|
| Format: | Llibre |
| Idioma: | Undetermined |
| Publicat: |
USA
SoHoBooks
2008
|
| Matèries: | |
| Etiquetes: |
Afegir etiqueta
Sense etiquetes, Sigues el primer a etiquetar aquest registre!
|
| Thư viện lưu trữ: | Trung tâm Học liệu Trường Đại học Cần Thơ |
|---|
| LEADER | 01395nam a2200205Ia 4500 | ||
|---|---|---|---|
| 001 | CTU_146739 | ||
| 008 | 210402s9999 xx 000 0 und d | ||
| 020 | |c 56.93 | ||
| 082 | |a 005.44769 | ||
| 082 | |b K58 | ||
| 100 | |a Kirch, Olaf | ||
| 245 | 0 | |a Linux network Administrator's guide | |
| 245 | 0 | |c Olaf Kirch, Terry Dawson | |
| 260 | |a USA | ||
| 260 | |b SoHoBooks | ||
| 260 | |c 2008 | ||
| 520 | |a The LINUX Network Administrators Guide spells out all the information needed for joining a network, whether it's a simple UUCP connection or a full LAN with a Linux system serving as a firewall, an NFS or NIS file server, and a mail and news hub. This book touches on all the essential networking software included with the operating system, plus some hardware considerations. Topics include: Introduction to TCP/IP, Configuring network and serial hardware, Domain Name Service, Serial line communications using SLIP and PPP, NIS and NFS, Taylor UUCP, Administering electronic mail, including sendmail and Exim Administering Netnews, including INN and several news readers, Firewalling using ipfwadm, ipchains, and iptables (netfilter) Masquerading and accounting, IPX configuration for a Novell Netware network. | ||
| 650 | |a Operating systems (Computers),Hệ thống điều hành (Máy tính) | ||
| 904 | |i Trọng Hải | ||
| 980 | |a Trung tâm Học liệu Trường Đại học Cần Thơ | ||